| 000 | 00659nam a2200193 a 4500 | ||
|---|---|---|---|
| 008 | 120125s2006 ||||||||||||||||| || u | ||
| 020 | _a817992257X | ||
| 050 | _aHG 6024.A3 Bag | ||
| 100 | _aBagchi, S. K | ||
| 245 | 1 | 0 | _aCredit risk management. (2nd ed.) |
| 250 | _a2nd ed. | ||
| 260 |
_aMumbai: _bJaico Publishing House _c2006 |
||
| 300 | _axiv, 350p.: ill. | ||
| 350 | _a0.00 | ||
| 650 | 0 | _aFINANCE--DEVELOPING COUNTRIES | |
| 650 | _aCREDIT MANAGEMENT | ||
| 650 | _aCREDIT | ||
| 995 |
_D0.00 _FCBU-MAIN LIBRARY (Kitwe) _H1 _I0.00 _M1 _UAVAILABLE _WFeb 21, 2012 _ZMain Library Open Access Collection |
||
| 999 |
_c39170 _d39170 |
||